00387nam a2200109Ia 4500008004100000020001600041050003200057100002600089245010100115260003800216300002300254150610s9999 xx 000 0 und d a0 140481346 a PS 3525b.I5156 D4 1976  aMiller, Arthur, 1915- aDeath of a salesman:bcertain private conversations in two acts and requiem /cby Arthur Miller. aNew York :bPenguin Group,c1976. a139pages ;c20 cm.